Zimbabwe human development report 1998 (Record no. 130087)
[ view plain ]
| 000 -LEADER | |
|---|---|
| fixed length control field | 00599nam a22001577a 4500 |
| 008 - FIXED-LENGTH DATA ELEMENTS--GENERAL INFORMATION | |
| fixed length control field | 191127b ||||| |||| 00| 0 eng d |
| 050 ## - LIBRARY OF CONGRESS CALL NUMBER | |
| Classification number | HN802.A63 |
| 245 ## - TITLE STATEMENT | |
| Title | Zimbabwe human development report 1998 |
| Statement of responsibility, etc | United Nations Development Programme |
| 260 ## - PUBLICATION, DISTRIBUTION, ETC. (IMPRINT) | |
| Place of publication, distribution, etc | Zimbabwe |
| Name of publisher, distributor, etc | UNDP |
| Date of publication, distribution, etc | 1998 |
| 300 ## - PHYSICAL DESCRIPTION | |
| Extent | viii, 116p. ; |
| Dimensions | 30cm. |
| 650 ## - SUBJECT ADDED ENTRY--TOPICAL TERM | |
| Topical term or geographic name as entry element | Quality of life |
| General subdivision | Periodicals |
| Geographic subdivision | Zimbabwe |
| 9 (RLIN) | 48843 |
| 650 ## - SUBJECT ADDED ENTRY--TOPICAL TERM | |
| Topical term or geographic name as entry element | Human capital |
| General subdivision | Periodicals |
| Geographic subdivision | Zimbabwe |
| 9 (RLIN) | 48844 |
| 651 ## - SUBJECT ADDED ENTRY--GEOGRAPHIC NAME | |
| Geographic name | Zimbabwe |
| General subdivision | Social conditions |
| -- | Periodicals |
| Chronological subdivision | 1980 |
| 9 (RLIN) | 48845 |
| 651 ## - SUBJECT ADDED ENTRY--GEOGRAPHIC NAME | |
| Geographic name | Zimbabwe |
| General subdivision | Economic conditions |
| -- | Periodicals |
| Chronological subdivision | 1980 |
| 9 (RLIN) | 48846 |
| 942 ## - ADDED ENTRY ELEMENTS (KOHA) | |
| Source of classification or shelving scheme | Library of Congress Classification |
| Item type | Monograph ( Printed materials) |
| Withdrawn status | Lost status | Source of classification or shelving scheme | Damaged status | Not for loan | Collection code | Home library | Current library | Shelving location | Date acquired | Total Checkouts | Full call number | Barcode | Date last seen | Price effective from | Koha item type |
|---|---|---|---|---|---|---|---|---|---|---|---|---|---|---|---|
| Library of Congress Classification | Main Collection | ARRUPE LIBRARY | ARRUPE LIBRARY | Main Collection | 27/11/2019 | HN802.A63 | 46600006297 | 27/11/2019 | 27/11/2019 | Monograph ( Printed materials) |